000 00483nam a22001697a 4500
003 PILC
005 20150204153129.0
008 150204b xxu||||| |||| 00| 0 eng d
020 _a9789717070896
050 _aPL 5531
_b.T161 2001
100 _aTan, Arsenia B.
245 _aIntroduction to literature /
_cArsenia B. Tan.
250 _a4th ed.
260 _aMadaluyong, Philippines :
_bAcademic Publishing Corporation,
_c2001.
300 _a265 pages ;
_c25 cm.
942 _2lcc
_cBK
999 _c282531
_d282531